| 000 | 00645nam a2200229 a 4500 | ||
|---|---|---|---|
| 001 | BRCA_5568 | ||
| 005 | 20190320205132.0 | ||
| 008 | 180211s1902----enka######---#000-0#eng-# | ||
| 041 | _aeng | ||
| 044 | _aenk | ||
| 050 | 4 |
_aDP42 _b.W54 1902 |
|
| 100 | 1 |
_aWilliams, Leonard _913189 |
|
| 245 | 1 | 0 |
_aThe land of the dons _cby Leonard Williams. |
| 260 |
_aLondres _bcassell _c1902 |
||
| 300 |
_a398 p. _bil., 44 láminas _c25 cm. |
||
| 500 | _aIncluye índice onomástico y glosario | ||
| 500 | _aF43 | ||
| 651 | 4 |
_aEspaña _xDescripción y viajes _97912 |
|
| 651 | 4 |
_aEspaña _xVida social y costumbres _914203 |
|
| 902 | _aGFM | ||
| 942 |
_2lcc _cB |
||
| 999 |
_c5262 _d5262 |
||